Normal view
MARC view
- Thieberger, Nick
Entry Personal Name
001 - CONTROL NUMBER
- control field: 41327
003 - CONTROL NUMBER IDENTIFIER
- control field: OSt
005 - DATE AND TIME OF LATEST TRANSACTION
- control field: 20161005090437.0
008 - FIXED-LENGTH DATA ELEMENTS
- fixed length control field: 161005|| aca||aabn | a|a d
040 ## - CATALOGING SOURCE
- Original cataloging agency: OSt
100 1# - HEADING--PERSONAL NAME
- Personal name: Thieberger, Nick
400 ## - SEE FROM TRACING--PERSONAL NAME
- Personal name: Thieberger, Nicholas